Siete generaciones de verdugos (Record no. 164726)

MARC details
000 -LEADER
campo de control de longitud fija 01022nam a2200229 i 4500
001 - NÚMERO DE CONTROL
campo de control 164726
003 - IDENTIFICADOR DE NÚMERO DE CONTROL
campo de control ES-MaACL
005 - FECHA Y HORA DE LA ÚLTIMA TRANSACCIÓN
campo de control 20251105063137.0
008 - DATOS DE LONGITUD FIJA--INFORMACIÓN GENERAL
campo de control de longitud fija 030512s1864 sp |||| |dspa d
100 1# - ENTRADA PRINCIPAL--NOMBRE DE PERSONA
Nombre de persona Sanson, Henri-Clément,
Fechas asociadas al nombre 1799-1889
9 (RLIN) 167494
245 10 - MENCIÓN DEL TÍTULO
Título Siete generaciones de verdugos
Resto del título : 1688-1847 : memorias históricas /
Mención de responsabilidad, etc. de H. Sanson ; traducido expresamente por José Leson y Moreno para su inserción en "La Correspondencia de España".
260 ## - PUBLICACIÓN, DISTRIBUCIÓN, ETC.
Lugar de publicación, distribución, etc. Madrid :
Nombre del editor, distribuidor, etc. [s.n.],
Fecha de publicación, distribución, etc. 1864 (
Fabricante Imp. y oficinas de La Correspondencia de España)
300 ## - DESCRIPCIÓN FÍSICA
Extensión 6 t. en 1 v. (78, 86, 96, 83, 95, 104 p.) ;
Dimensiones 24 cm.
490 1# - MENCIÓN DE SERIE
Mención de serie Biblioteca de La Correspondencia
597 ## - NOTA DE DESCRIPCIÓN FÍSICA
NOTA DE DESCRIPCIÓN FÍSICA Enc.: 6 t. en 1 v., cada uno con port. propia.
600 34 - PUNTO DE ACCESO ADICIONAL DE MATERIA--NOMBRE DE PERSONA
Nombre de persona Sanson (Familia)
9 (RLIN) 167495
650 #4 - PUNTO DE ACCESO ADICIONAL DE MATERIA--TÉRMINO DE MATERIA
Término de materia o nombre geográfico como elemento de entrada Verdugos-
Subdivisión geográfica Francia.
9 (RLIN) 167493
650 #4 - PUNTO DE ACCESO ADICIONAL DE MATERIA--TÉRMINO DE MATERIA
Término de materia o nombre geográfico como elemento de entrada Pena de muerte-
Subdivisión geográfica Francia.
9 (RLIN) 167525
830 0# - PUNTO DE ACCESO ADICIONAL DE SERIE-TÍTULO UNIFORME
Título uniforme Biblioteca de La Correspondencia
9 (RLIN) 187724
852 ## - LOCALIZACIÓN
Ubicación ES-MaACL
Número de control de estantería D-125
Nota libre - Enc. pasta
-- . - Donativo Lastres
Holdings
Estatus retirado Estado de pérdida Estado de daño No para préstamo Colección Biblioteca de origen Biblioteca actual Ubicación en estantería Fecha de adquisición Fuente de adquisición Total de préstamos Signatura topográfica completa Código de barras Visto por última vez Precio de reemplazo Tipo de ítem Koha
        Libros del s. XIX Biblioteca del Ateneo de Madrid Biblioteca del Ateneo de Madrid Sala Valle Inclán 17/01/2008     D-125 901172675 23/02/2023 23/02/2023 Libro impreso antiguo